000 00686nam a2200193 a 4500
003 OSt
005 20140311163158.0
008 120629s19uu xx 00 eng d
050 _aQA 39.3
_b.T957 2010
100 _aTurpin, Claire
_91576
245 _aOxford GCSE maths for Edexcel :
_bfoundation plus - homework book /
_cClaire Turpin.
260 _aOxford :
_bOxford University Press,
_c2010.
300 _a108 p. :
_bill. ;
_c17 cm.
650 _aMathematics
_xExaminations
_xStudy guides
_930716
650 _aMathematics
_xProblems, exercises, etc.
_930717
942 _2lcc
_cBK-TR
999 _c42428
_d42428